| 000 | 00901nam a2200241Ia 4500 | ||
|---|---|---|---|
| 003 | OSt | ||
| 005 | 20220923211739.0 | ||
| 006 | a|||||r|||| 00| 0 | ||
| 007 | ta | ||
| 008 | 220922b |||||||| |||| 00| 0 san d | ||
| 024 | _a44,608 | ||
| 037 | _cTextual | ||
| 040 |
_aARTS _cARTS _bsan |
||
| 041 |
_2san _asan |
||
| 082 | _aO15,1K75x, 152N6 | ||
| 100 |
_aदीक्षित, हरिनारायण, संपा. _9157127 |
||
| 245 | 0 | _aपण्डितराज जगन्नाथ काव्य ग्रन्थावली | |
| 246 | _aPaṇḍitarāj jagannāth kāvya granthāvalī | ||
| 260 |
_aदिल्ली _b ईस्टर्न बुक _c1996 |
||
| 650 | _aसंस्कृत साहित्य | ||
| 942 |
_hO15,1K75x, 152N6 _cTEXL _2CC |
||
| 999 |
_c303115 _d303115 |
||